00348nam a2200121 450000500170000000800410001710000300005824500330008826000510012130000260017294200150019899900130021320260227091932.0260227b |||||||| |||| 00| 0 eng d aGrove J. A & Newell E. G. aAnimal Biologyc/A. J. Grove aBritain;bUniversity Tutorial Press Ltd;c1957 axii,760p.ill;c21.3cm 2lccn0cBK c178d178